00844nam a2200193 a 4500003000200000005001700002008004100019050003800060100002300098245013700121260009200258300004800350504004100398650004800439650004600487650004200533650004200575650003300617020250408085521.0970101s19uu xx 00 eng d aPGS HN 720.Z9.I58.C45b.T114 2004 aTabora, Erina Joy. aChildren's perceptions of the physical and social environment of poverty - stricken Banana island in Intramuros /cErina Joy Tabora. aLas Piñas City, Philippines : bSouthville International School and Colleges,c2004. a31 pages :bcolored illustrations ;c28 cm. aIncludes bibliographical references. aUrban poorzPhilippinesvSocial conditions. aChild developmentvEnvironmental aspects. aPovertyvSocial aspectszPhilippines. aEnvironmental psychology in children. aSelf-perception in children.